Statistics for Can You Guess the State These Colleges Are In?

Click here to take the quiz!

General Stats

  • This quiz has been taken 28 times
  • The average score is 38 of 40

Answer Stats

CollegeState% Correct
PepperdineCalifornia
100%
StanfordCalifornia
100%
Loyola MarymountCalifornia
100%
YaleConnecticut
100%
NorthwesternIllinois
100%
Wake ForestNorth Carolina
100%
High PointNorth Carolina
100%
Appalachian StateNorth Carolina
100%
DukeNorth Carolina
100%
BaylorTexas
100%
Bringham YoungUtah
100%
GonzagaWashington
100%
AuburnAlabama
96%
PurdueIndiana
96%
TulaneLouisiana
96%
Johns HopkinsMaryland
96%
TuftsMassachusetts
96%
BrandeisMassachusetts
96%
LowellMassachusetts
96%
NortheasternMassachusetts
96%
SyracuseNew York
96%
FordhamNew York
96%
RensselaerNew York
96%
TemplePennsylvania
96%
DuquesnePennsylvania
96%
DrexelPennsylvania
96%
VillanovaPennsylvania
96%
LehighPennsylvania
96%
ClemsonSouth Carolina
96%
MarquetteWisconsin
96%
PrincetonNew Jersey
92%
Salve ReginaRhode Island
92%
BrownRhode Island
92%
BowdoinMaine
88%
WIlliam and MaryVirginia
88%
James MadisonVirginia
88%
AmericanVirginia
88%
George WashingtonVirginia
88%
WashingtonMissouri
84%
Louis and ClarkOregon
80%

Score Distribution

Percentile by Number Answered

Percent of People with Each Score

Your Score History

You have not taken this quiz